Personal Weapons in Fire Emblem - Statistics

General Stats
  • This quiz has been taken 113 times
  • The average score is 62 of 92
Answer Stats
Hint Answer % Correct
Binding Blade Roy
99%
Sword of the Creator Byleth
96%
Falchion Marth, Alm, Chrom, Lucina
96%
Yato Corrin
95%
Beloved Zofia Celica
94%
Reginleif, Siegmund Ephraim
91%
Regal Sword, Ettard, Ragnell Ike
91%
Mani Katti, Sol Katti Lyn
90%
Fujin Yumi Takumi
90%
Failnaught Claude
88%
Aymr Edelgard
88%
Raijinto Ryoma
88%
Royal Sword (Valentia) Alm
86%
Lance of Ruin Sylvain
86%
Areadbhar Dimitri
85%
Sieglinde Eirika
85%
Wolf Beil, Armads Hector
84%
Alondite Black Knight
83%
Durandal Eliwood
83%
Urvan Greil, Ike
83%
Lúin Ingrid
83%
Thani Micaiah
83%
Tyrfing Sigurd, Seliph
81%
Thunderbrand Catherine
80%
Amiti Elincia
80%
Siegfried Xander
78%
Wing Spear Caeda
77%
Light Brand (Jugdral) Ethlyn, Leif
77%
Freikugel Hilda
75%
Aura (SD) Linde
75%
Excalibur (SD) Merric
75%
Dire Thunder Olwen, Reinhardt
74%
Crusher Annette
73%
Gradivus Camus, Hardin
73%
Loptous Julius
73%
Forseti Lewyn, Ced
73%
Missiletainn Owain /:Odin, Ophelia
73%
Hauteclere Minerva
72%
Dark Creator Sword Nemesis
72%
Gáe Bolg Quan, Altena
72%
Cymbeline Sanaki
72%
Blutgang Marianne
70%
Mystletainn Eldigan, Ares
69%
Brave Lance (Thracia 776) Finn
69%
Parthia Jeorge
69%
Thyrsus Lorenz, Lysithea
69%
Naga Julia
68%
Yewfelle Brigid, Febail
67%
Brynhildr Leo
67%
Forblaze Athos
65%
Aegis Shield Felix
65%
Caladbolg Edward
64%
Grima's Truth Validar
64%
Eckesachs Zephiel
64%
Valflame Arvis
63%
Vajra-Mushti Balthus
63%
Earth Sword Lachesis, Nanna
63%
Mjölnir Reptor, Bloom, Ishtar
63%
Ereshkigal Nergal
60%
Mercurius Astram
59%
Balmung Shannan
59%
Fetters of Dromi Yuri
59%
Warp, Hammerne (SD) Lena
58%
Rafail Gem Mercedes
58%
Grafcalibur Asbel
57%
Caduceus Staff Flayn
56%
Imhullu Gharnef
56%
Spear of Assal Seteth
56%
Gurgurant Ashnard
53%
Gungnir Travant, Arion
53%
Aum Staff Elice
52%
Naglfar Lyon
52%
Florete Mist
52%
Vouge (or Pugi) Osian
52%
Hammerne (Thracia 776) Safy
52%
Tarvos Nolan
51%
Thief, Unlock (Thracia 776) Tina
49%
Lughnasadh Leonardo
48%
Kia Staff Sara
48%
Uber Spear Vaida
48%
Judge Ashera
47%
Bölverk Garon
47%
Beo Sword DIarmuid, Fergus
43%
Stone (Thracia 776) Veld
43%
Valkyria Claud
41%
Bragi Sword Leif, Nanna, Fergus, Diarmuid
41%
Wolf Berg Walhart
41%
Dragonpike (Thracia 776) Deen
40%
Helswath Lombard, Brian
37%
Blessed Sword (Thracia 776) Olwen
37%
Loptous Sword Raydrik
36%
Creiddylad Sephiran
31%
No matching quizzes found
Score Distribution
Percent of People with Each Score
Percentile by Number Answered
Your Score History
You have not taken this quiz